00643nam a22001575i 4500001000700000003000900007005001700016008004100033040002000074100004700094245012400141260009700265300002800362650002500390852007000415155251ES-MaACL20251005063122.0040719s1847 fr af |||| | fre d aCAM bspa cCAM1 aHenrion, Mathieu Richard Auguste, cBaron10aHistoire générale des missions catholiques b: depuis le XIIIe siècle jusqu'a nos jours / cpar le Baron Henrion. aParis : bGaume Frères, libraires-éditeurs, c1847 (fImprimerie et fonderie de Rignoux) a4 v. : bil. ; c27 cm.04aMisiones-vHistoria. aES-MaACLjG-11637-40 z-- Enc. hol., conservando la cub. original